Header Image

A Glossary of Literary Terms (Record no. 13605)

MARC details
000 -LEADER
fixed length control field 00353nam a2200157Ia 4500
005 - DATE AND TIME OF LATEST TRANSACTION
control field 20250508165023.0
008 - FIXED-LENGTH DATA ELEMENTS--GENERAL INFORMATION
fixed length control field 250508s9999||||xx |||||||||||||| ||und||
041 ## - LANGUAGE CODE
Language code of text/sound track or separate title English
082 ## - DEWEY DECIMAL CLASSIFICATION NUMBER
Classification number 803.23
Item number ABR
100 ## - MAIN ENTRY--PERSONAL NAME
Personal name Abrams, M.H
245 #2 - TITLE STATEMENT
Title A Glossary of Literary Terms
250 ## - EDITION STATEMENT
Edition statement 11ed
260 ## - PUBLICATION, DISTRIBUTION, ETC.
Name of publisher, distributor, etc. Cengage
Date of publication, distribution, etc. 2015
300 ## - PHYSICAL DESCRIPTION
Extent 430p
942 ## - ADDED ENTRY ELEMENTS (KOHA)
Koha item type Book
Holdings
Withdrawn status Lost status Damaged status Not for loan Home library Current library Date acquired Source of acquisition Total checkouts Full call number Barcode Koha item type
        IILM-LR IILM-LR 01/05/2024 Purchased   803.23 ABR R0000259 Book
        IILM-LR IILM-LR 01/05/2024 Purchased   803.23 ABR R0000260 Book
        IILM-LR IILM-LR 01/05/2024 Purchased   803.23 ABR R0000261 Book
        IILM-LR IILM-LR 01/05/2024 Purchased   803.23 ABR R0000262 Book
        IILM-LR IILM-LR 01/05/2024 Purchased   803.23 ABR R0000263 Book
        IILM-LR IILM-LR 01/05/2024 Purchased   803.23 ABR R0000264 Book
        IILM-LR IILM-LR 01/05/2024 Purchased   803.23 ABR R0000265 Book
        IILM-LR IILM-LR 01/05/2024 Purchased   803.23 ABR R0000266 Book
© IILM-LR All rights reserved.
IILM-Lodhi Road
Contact :librarianlr@iilm.edu
Visitor Count: Visit counter For Websites